000 00458nam a2200181Ia 4500
001 14447
005 20260306164915.0
008 260306t2011||||xx |||||||||||||| ||spa||
041 _aESP
082 _a515
_bZ77
100 _aZill, Dennis G.
_eAUT
245 0 _aCálculo, trascendentes tempranas:
_btrascendentes tempranas
260 _c2011
300 _axxviii, 896 páginas :
_c27 cm.
650 _aGEN
654 _aCMA
942 _cLIB
_dJUS
_fJUS
_2ddc
_n
999 _c14447
_d14447